00389nam a2200157Ia 4500003000400000005001700004008004100021020001800062040000900080082002000089100001900109245004500128260003200173300000900205650001700214OSt20201218143702.0190216s9999||||xx |||||||||||||| ||und|| a9781853263378 coclc a291.1303bCOM/D aComte, Fernand 0aDictionary Of Mythology /cFernand Comte bWordworth Reference,c1995. a244p aDictionaries